Normal view
MARC view
- الشيعة- لبنان- تاريخ- سياسة وحكومة
Entry Topical Term
001 - CONTROL NUMBER
- control field: 16487
003 - CONTROL NUMBER IDENTIFIER
- control field: JO-AjAnu
005 - DATE AND TIME OF LATEST TRANSACTION
- control field: 20230606072929.0
008 - FIXED-LENGTH DATA ELEMENTS
- fixed length control field: 230606|| aca||aabn | a|a d
040 ## - CATALOGING SOURCE
- Original cataloging agency: JO-AjAnu
- Transcribing agency: JO-AjAnu
150 ## - HEADING--TOPICAL TERM
- Topical term or geographic name entry element: الشيعة- لبنان- تاريخ- سياسة وحكومة
670 ## - SOURCE DATA FOUND
- Source citation: Work cat.: (JO-AjAnu)8467: غريب، حسن, author 16486, نحو تاريخ فكري سياسي لشيعة لبنان أوضاع واتجاهات، ج2